00769 2200277 4500001002100000005001700021008004100038020002200079035002500101040001200126082001700138084001700155090001700172100002900189245006000218250001100278260003700289300004000326500003100366650001100397700002000408850001200428990001700440990001700457990001700474INLIS00000000000038220141127085211.0  a978-979-692-164-2 a0010-101400000000277 aYOPDYOG a297.74 Kus I a297.74 Kus I a297.74 Kus I aKUSTADI Suhandang, 1942- aIlmu dakwahb: perspektif komunikasicKustadi Suhandang aCet. 1 aBandungbRemaja Rosdakaryac2013 aix, 204 hlmbilus.c24 cm. [3 eks.] aBibliografi : hlm. 199-204 aDakwah aEngkus Kuswandi aYOPDYOG a8995-PD/B.14 a8996-PD/B.14 a8997-PD/B.14